| 000 | 00495nam a2200133 a 4500 | ||
|---|---|---|---|
| 008 | 120416s1971 xx |||||||||||||| || u | ||
| 050 | _aD 412.6 Per | ||
| 100 | _aTayar, Graham | ||
| 245 | 1 | 0 |
_aPersonality and power _cedited by Graham Tayar |
| 246 | _astudies in political achievement | ||
| 260 | _c1971 | ||
| 350 | _a0.00 | ||
| 995 |
_D0.00 _FCBU-MAIN LIBRARY (Kitwe) _H1 _I1.75 _M1 _UAVAILABLE _WJun 22, 2006 _ZMain Library Open Access Collection |
||
| 999 |
_c53390 _d53390 |
||